Shakespeare, Thanos or Obama? - Statistics

General Stats
  • This quiz has been taken 335 times
  • The average score is 13 of 19
Answer Stats
Hint Answer % Correct
Why can't I just eat my waffle? Obama
89%
Even when things are tough, don't lose respect for the other person Obama
86%
No matter how much you've done or how successful you've been, there's always more to do, always more to learn and always more to achieve Obama
81%
We are time's subjects, and time bids be gone Shakespeare
81%
There is nothing either good or bad, but thinking makes it so Shakespeare
81%
I know that people think I'm not passionate enough. That I'm too cool. That I'm too detached. But as I was going through my daily routine — sitting alone in my study, meditating, thinking about how to win the future — I pondered this critique, and calmly rejected it as thoroughly illogical. Obama
80%
I ignored my destiny once. I cannot do that again. Thanos
76%
The hardest choices require the strongest wills Thanos
76%
Reality is often disappointing Thanos
74%
No legacy is so rich as honesty Shakespeare
70%
Be not afraid of greatness: some are born great, some achieve greatness and some have greatness thrust upon them Shakespeare
69%
Today, I lost more than you can know. But now is no time to mourn. Now is no time at all. Thanos
67%
A relentless focus on the outward markers of success can lead to complacency. It can make you lazy. Obama
66%
The absence of hope can rot a society from within Obama
54%
It is excellent to have a giant's strength Shakespeare
50%
Death, a necessary end, will come when it will come. Shakespeare
50%
This day extracts a heavy toll Thanos
44%
For all the cruelty and hardship of our world, we are not mere prisoners of fate — our actions matter. Obama
42%
I know what it's like to lose. To feel so desperately that you're right, yet to fail nonetheless. Thanos
40%
No matching quizzes found
Score Distribution
Percent of People with Each Score
Percentile by Number Answered
Your Score History
You have not taken this quiz